000 00549nam a22002177a 4500
003 UA-OsUOA
001 99723
007 ta
008 20130514b un ||||| |||| 00| 0 ukr d
100 _aСтрутинский Н.
090 _a821.161.2
_bС87
942 _cBK
040 _aUA-OsUOA
_brus
_cUA-OsUOA
_dUA-OsUOA
245 _aДорогой бессмертия
300 _a240 с.
955 _a3
041 _arus
080 _a821.161.2
260 _c1963
650 7 _a82 Література. Літературознавство
_2UDC
999 _c385920
_d385920